<?xml version="1.0" encoding="UTF-8"?><?xml-stylesheet type="text/xsl" href="static/style.xsl"?><OAI-PMH xmlns="http://www.openarchives.org/OAI/2.0/" xmlns:xsi="http://www.w3.org/2001/XMLSchema-instance" xsi:schemaLocation="http://www.openarchives.org/OAI/2.0/ http://www.openarchives.org/OAI/2.0/OAI-PMH.xsd"><responseDate>2026-05-17T21:00:35Z</responseDate><request verb="GetRecord" identifier="oai:recam.amb.cat:20.500.14439/4856" metadataPrefix="marc">https://recam.amb.cat/rest/oai/request</request><GetRecord><record><header><identifier>oai:recam.amb.cat:20.500.14439/4856</identifier><datestamp>2026-05-13T23:45:47Z</datestamp><setSpec>com_20.500.14439_2676</setSpec><setSpec>com_20.500.14439_126</setSpec><setSpec>col_20.500.14439_4854</setSpec></header><metadata><record xmlns="http://www.loc.gov/MARC21/slim" xmlns:dcterms="http://purl.org/dc/terms/" xmlns:xsi="http://www.w3.org/2001/XMLSchema-instance" xmlns:doc="http://www.lyncode.com/xoai" xsi:schemaLocation="http://www.loc.gov/MARC21/slim http://www.loc.gov/standards/marcxml/schema/MARC21slim.xsd">
   <leader>00925njm 22002777a 4500</leader>
   <datafield ind2=" " ind1=" " tag="042">
      <subfield code="a">dc</subfield>
   </datafield>
   <datafield ind2=" " ind1=" " tag="260">
      <subfield code="c">2022-01-01</subfield>
   </datafield>
   <datafield ind2=" " ind1=" " tag="520">
      <subfield code="a">El Butterfly Monitoring Scheme a Catalunya (CBMS) és un projecte de seguiment de les papallones diürnes (ropalòcers), que es coordina des del Museu de Ciències Naturals de Granollers i que rep finançament per part del Departament d'Acció Climàtica de la Generalitat de Catalunya, de la Diputació de Barcelona i de diferents organismes locals. Anualment recull dades de l’abundància de les poblacions de papallones en una xarxa d’estacions repartides per tota la geografia catalana i també a les illes Balears i Andorra. La xarxa del CBMS permet conèixer amb precisió els canvis d’abundància de les papallones, tant en la totalitat de la xarxa com en les diferents estacions, i relacionar-los amb diferents factors ambientals.</subfield>
   </datafield>
   <datafield ind1="8" ind2=" " tag="024">
      <subfield code="a">Stefanescu, C. i Ubach, A., (2022). El seguiment de papallones diürnes al Parc de Collserola. Any 2021. Estudi finançat pel Consorci del Parc Natural de la Serra de Collserola.</subfield>
   </datafield>
   <datafield ind1="8" ind2=" " tag="024">
      <subfield code="a">https://hdl.handle.net/20.500.14439/4856</subfield>
   </datafield>
   <datafield tag="653" ind2=" " ind1=" ">
      <subfield code="a">Papallones</subfield>
   </datafield>
   <datafield ind2="0" ind1="0" tag="245">
      <subfield code="a">El seguiment de papallones diürnes al Parc de Collserola: any 2021</subfield>
   </datafield>
</record></metadata></record></GetRecord></OAI-PMH>